00451nam a2200157Ia 4500999001700000003000400017005001700021008004100038040000900079082002100088100002300109245006000132260004500192300000800237942004800245 c20131d20131OSt20200608101753.0190216s9999||||xx |||||||||||||| ||und|| coclc a320.95483bRAJ/E aRajendran, G92603 4aThe Ezhava Community And Kerala Politics /cG Rajendran bThe Kerala Accademy,c1974.aTrivandrum: a82p cBK2ddch320.95483iRAJ/Ek320.95483mRAJ/E